TV Show by Minor Characters Quiz Stats

 Plays Quiz not verified by Sporcle

Score 0/15 Timer 04:00
0 Plays Today
Characters Show % Correct
Bonnie Swanson, James Woods, Tom TuckerFamily Guy
71.5%
J. Peterman, Kenny Bania, Jackie ChilesSeinfeld
69%
Hans Moleman, Gil Gunderson, Martin PrinceThe Simpsons
63.9%
Todd Packer, Ed Truck, Roy AndersonThe Office
60.8%
Barry Zuckerkorn, Ann Veal, Stan SitwellArrested Development
49.6%
Josh Girard, Leo Spaceman, Devon Banks30 Rock
44.5%
Phil Leotardo, Adriana La Cerva, Ralph CifarettoThe Sopranos
40.6%
Rickety Cricket, The Waitress, Liam McPoyleIt's Always Sunny in Philadelphia
37.2%
Characters Show % Correct
Kif Kroker, Morbo, Ogden WernstromFuturama
36.3%
Ted Buckland, Jordan Sullivan, Kim BriggsScrubs
34.1%
Richard Lewis, Marty Funkhouser, Loretta BlackCurb Your Enthusiasm
33.2%
Astor Bennett, Anton Briggs, Lila TournayDexter
25.9%
Nina Myers, Ethan Kanin, George Mason24
25.9%
Amanda Daniels, Andrew Klein, Dana GordonEntourage
23.7%
Cindy Sanders, Alan White, Jeff RossoFreaks and Geeks
11.5%

You're not logged in!

Compare scores with friends on all Sporcle quizzes.
OR
Log In

Show Comments

Extras

Created Oct 14, 2010ReportNominate
Tags:Show Quiz, character, minor

Top Quizzes Today


Score Distribution

Your Account Isn't Verified!

In order to create a playlist on Sporcle, you need to verify the email address you used during registration. Go to your Sporcle Settings to finish the process.

Report this User

Report this user for behavior that violates our Community Guidelines.

Details: